[Event "WA State-ch"]
[Site "South Perth"]
[Date "2006.07.23"]
[Round "4"]
[White "Williams, Rudy"]
[Black "McCracken, Scott"]
[Result "1/2-1/2"]
[WhiteElo "887"]
[BlackElo "720"]
[PlyCount "88"]
[EventDate "2006.07.02"]
[EventType "swiss"]
[EventRounds "9"]
[EventCountry "AUS"]
[SourceTitle "EXT 2008"]
[Source "ChessBase"]
[SourceDate "2007.11.25"]
[SourceVersion "1"]
[SourceVersionDate "2007.11.25"]
[SourceQuality "1"]

1. e3 e5 2. Nf3 Nc6 3. Bb5 Nf6 4. Bxc6 dxc6 5. Nxe5 Bd6 6. Nf3 0-0 7. d4 Bg4 8. h3 Bxf3 9. Qxf3 h6 10. c4 c5 11. 0-0 cxd4 12. exd4 Re8 13. c5 Be7 14. Be3 Nd5 15. Nc3 Nxe3 16. fxe3 Bg5 17. Rae1 Qe7 18. Nd5 Qd7 19. Nc3 f6 20. b3 Qe7 21. Nd5 Qd7 22. Nc3 Qe6 23. Nd5 Rad8 24. Kh1 Rxd5 25. a4 g6 26. Qg3 Rf5 27. Rxf5 gxf5 28. Qf3 f4 29. e4 Bh4 30. Re2 Rd8 31. d5 Qe5 32. Qg4+ Bg5 33. h4 Kf7 34. hxg5 Qxg5 35. Qe6+ Kg6 36. e5 Qh5+ 37. Kg1 Qxe2 38. Qxf6+ Kh5 39. Qf5+ Kh4 40. Qxf4+ Qg4 41. Qf6+ Qg5 42. Qf2+ Qg3 43. Qf6+ Qg5 44. Qf2+ Qg3 1/2-1/2